000 00851cac a22002535a 4500
005 20201128013200.0
008 130221t2006 njua fr 001 0 eng d
020 _a0131872567
020 _a9780131872561
040 _aEG-Sc BUE
_beng
_cEG-Sc BUE
_dEG-Sc BUE
082 0 4 _a620.1054
_bHIB
_222
100 1 _aHibbeler, R. C.
_910021
245 1 0 _aEngineering mechanics :
_bprinciples of statics and dynamics /
_cR. C. Hibbeler.
260 _aUpper Saddle River :
_bPearson Prentice Hall,
_cc.2006.
300 _axxiii, 480 p. :
_bill. (col.) ;
_c24 cm.
500 _aIndex : p. 473-480.
590 _aDoha
650 7 _aMechanics, Applied.
_92049
_2BUEsh
650 7 _aStatics.
_932679
_2BUEsh
650 7 _aDynamics.
_918728
_2BUEsh
651 _2BUEsh
653 _cJanuary2014
_cAugust2015
_cJanuary2018
_bGGEN
942 _cBB
_k620.1 HIB
_2ddc
999 _c137
_d137